[Event "Senta op 18th"]
[Site "Senta"]
[Date "2014.07.26"]
[Round "9"]
[White "Atalik, Suat"]
[Black "Vucinic, Gojko"]
[Result "1-0"]
[WhiteElo "2550"]
[BlackElo "2313"]
[Annotator "Atalik,S"]
[PlyCount "75"]
[EventDate "2014.07.19"]
[EventType "swiss"]
[EventRounds "9"]
[EventCountry "SRB"]
[SourceTitle "CBM 163"]
[Source "ChessBase"]
[SourceDate "2014.11.11"]
[SourceVersion "1"]
[SourceVersionDate "2014.11.11"]
[SourceQuality "1"]

1. d4 Nf6 2. c4 g6 3. Nc3 d5 4. Nf3 Bg7 5. cxd5 Nxd5 6. e4 Nxc3 7. bxc3 c5 8.
Rb1 O-O 9. Be2 {I have chosen the sharp Shamkovich's line for this encounter
before which Gojko was leading by half a point.} Nc6 {I had to be prepared for
almost everything on the eve of the game since I really did not know what he
plays. Somehow my risky strategy worked.} 10. d5 Ne5 11. Nxe5 Bxe5 12. Rb3 $5 {
A relatively fresh attempt at least for me.} (12. Qd2 e6 13. f4 Bc7 14. O-O
exd5 15. exd5 Ba5 {was my game from Nezhmedtinov Memorial (rapid) 2013 with
the Gruenfeld theorist Shinkevich.}) (12. c4 Qa5+ 13. Bd2 Qxa2 14. O-O Bd4 $13)
12... Qc7 (12... c4 13. Bxc4 Qc7 14. Be2 Bxc3+ 15. Bd2 Be5 16. Qc1 $14) (12...
e6 13. f4 Bg7 14. c4 Re8 15. e5 f6 16. f5 gxf5 17. Bh5 Re7 18. d6 Rd7 19. Rg3
fxe5 20. Bb2 Kh8 21. O-O Rxd6 22. Qe2 $44) 13. Qd2 e6 ({Already Black may try
to catch the white rook with} 13... Bd7 14. f4 c4 15. Rxb7 (15. Rb4 Bd6 16.
Rxc4 Qb6) (15. Rb2 $5 Bd6 16. O-O $13) 15... Qxb7 16. fxe5 Qb1 17. Bf3 $44) 14.
f4 Bg7 ({Unfamiliar with the opening schemata Gojko did not go for the pawn
push.} 14... c4 15. Rb2 (15. Rb4 Bd6 16. Rxc4 Qb6 $44) 15... Bg7 16. d6 Qc6 17.
Kf2 $1 e5 (17... Qc5+ 18. Kg3 e5 19. d7 exf4+ 20. Kf3 Qh5+ 21. Kf2 Qh4+ 22. g3
fxg3+ 23. Kg2 Bxd7 24. Qxd7 $16) 18. Qd5 Qxd5 (18... Qe8 19. f5 gxf5 (19... Be6
20. Qb5) 20. Rd1 Be6 21. Qxb7 $16) 19. exd5 exf4 20. Rb4 Bxc3 21. Rxc4 Be5 22.
Bxf4 b5 23. Re4 Bxf4 24. Rxf4 $14) 15. d6 $1 $146 {A prepared novelty.} (15. c4
exd5 16. cxd5 c4 17. Rc3 Bxc3 18. Qxc3 b5 $13) 15... Qc6 16. Kf2 $1 {King
holds the Be2 in case of Qe4.} (16. O-O Qxe4 17. d7 Bxd7 18. Bf3 Qa4 19. Ra3
Qb5 20. c4 Qxc4 21. Qxd7 Bd4+ 22. Be3 Bxe3+ 23. Rxe3 Rab8 {and Black has 3
pawns for the piece thus I went for the king's move in my preparation.}) 16...
c4 (16... e5 17. Bb5 Qb6 18. Bc4 Qc6 19. Bd5 Qd7 20. Ba3 $36) 17. Rb4 ({
Now there was no obvious need for} 17. Rb2 $5) 17... e5 {A lot of conceptions
were to be established with this sharp lines.} (17... b5 18. a4 a6 19. e5 Bb7
20. Bf3 Qd7 21. Bxb7 Qxb7 22. Qd4 Qc6 (22... f6 23. Qxc4 Qa7+ 24. Qd4 fxe5 25.
Qxa7 Rxa7 26. axb5 axb5 27. Rxb5 exf4 28. Rc5 e5 29. Rd1 $40) 23. Re1 f6 24.
Kg1 Rac8 25. h4 fxe5 26. fxe5 Rf5 27. axb5 axb5 28. Bg5 Rcf8 29. Rb2 $16) (
17... Qc5+ 18. Kg3 (18. Qe3 Qxd6 19. e5 Qe7 20. Bf3) 18... e5 19. Qd5 $40) 18.
Qd5 $1 {The usual suspect!} (18. Rxc4 $2 Qb6+ 19. Kg3 exf4+ 20. Qxf4 Qa5) 18...
Be6 $1 {Possibly the best under such circumstances.} (18... Qxd5 19. exd5 Rd8
20. Rxc4 Rxd6 21. Rd1 $16) (18... Qe8 19. f5 gxf5 20. Rd1 Be6 21. Qxb7 $16) 19.
Qxc6 bxc6 20. Bxc4 c5 (20... a5 21. Ra4 Bd7 22. Ra3 $16) 21. Ra4 exf4 22. Bxe6
fxe6 23. Rc4 Be5 24. Rd1 Rad8 25. d7 Kf7 $2 {A really bad move.} ({After the
natural} 25... Bc7 $1 26. Ba3 $1 (26. Kf3 Bb6 27. Ba3 Rf7 28. Bxc5 Rdxd7 29.
Rxd7 Rxd7 30. Bxb6 (30. Rd4 Rc7 31. Bxb6 axb6 32. Kxf4 Rxc3 33. Rd8+ Kg7 34.
Rd7+ Kg8 35. Ke5 Rc2 $13) 30... axb6 31. Kxf4 Rd2 $13) 26... Rf7 27. Bxc5 Rfxd7
28. Rxd7 (28. Rcd4 $5 Rxd4 29. cxd4 Bb6 30. Bxb6 axb6 31. d5 exd5 32. exd5 Kf7
33. Kf3 g5 34. Kg4 Kf6 $1 {squeezes the king on the edge.} 35. d6 h5+ 36. Kxh5
Kf5 37. Rd5+ Ke4 38. Rxg5 Rxd6 39. h4 b5 $1 40. Rxb5 Rd2 $11) 28... Rxd7 29.
Bxa7 (29. Rd4 Rf7 30. Bxa7 Ba5 31. Bc5 Bxc3 32. Rd8+ Kg7 33. Kf3 e5 34. Rd3 $14
) 29... Bd6 $1 30. Bb6 Rb7 31. Bd8 Rb2+ 32. Kf3 Rxa2 $14) 26. Rxc5 Kf6 27. Kf3
$6 (27. g4 $3 fxg3+ (27... g5 28. h4 h6 29. Bb2 Rf7 30. Rxe5 Kxe5 31. c4+ Kxe4
32. Rd4+ Ke5 33. Kf3 Kf6 34. Rxf4+ Ke7 35. Ba3+ $18) 28. Kg2 $18 {is not
visible to the human eye yet!}) 27... g5 $2 ({The seemingly lost rook ending
was the only chance for Black:} 27... Rf7 $1 28. Bxf4 Bxf4 29. Kxf4 Rdxd7 30.
Rxd7 Rxd7 31. e5+ Kg7 (31... Ke7 32. Kg5 Rd2 33. Rc7+ $18) 32. Ke3 $16) 28. c4
Bc3 {Because of the mating net Black had to lose tempi with his bishop
meanwhile White eventually gained time to support his passer.} (28... Rf7 $2
29. Rxe5 $18) 29. Rd3 Ba1 30. Rb5 $5 (30. Ra5 Rb8 31. c5 Be5 32. c6 $18) 30...
Rf7 31. Rb7 Ke5 32. c5 g4+ 33. Kxg4 {The most natural continuation since
White's king could not be caught in the corner.} (33. Ke2 f3+ 34. gxf3 gxf3+
35. Rxf3 Rfxd7 36. Rb1 Bd4 37. c6 Rg7 38. c7 Rc8 39. Kd3 Bb6 40. Bf4+ $18)
33... Kxe4 34. Rd1 Rg8+ 35. Kh3 Bc3 (35... Rf6 36. Rb4+ Ke5 37. Bxf4+ $18) (
35... f3 36. d8=Q Rxd8 37. Re1+ $1 $18) 36. Bxf4 $5 {Safest possible.} (36. c6
Rf5 37. d8=Q $18) 36... Ba5 (36... Rxf4 37. d8=Q Rxd8 38. Rxd8 $18) 37. g3 e5
38. Bd2 {This very effort made me to win my first tournament this year!} (38.
c6 exf4 39. d8=Q Bxd8 40. Rxf7 $18) (38. Bd2 Bd8 39. c6 $18) 1-0

[Event "EU-Cup 14th final"]
[Site "Belgrade"]
[Date "1999.01.13"]
[Round "3"]
[White "Kozul, Zdenko"]
[Black "Avrukh, Boris"]
[Result "0-1"]
[WhiteElo "2605"]
[BlackElo "2575"]
[Annotator "Avrukh,B"]
[PlyCount "80"]
[EventDate "1999.01.11"]
[EventType "team-k.o."]
[EventRounds "3"]
[EventCountry "YUG"]
[SourceTitle "EXT 2020"]
[Source "ChessBase"]
[SourceDate "2019.10.17"]
[SourceVersion "1"]
[SourceVersionDate "2019.10.17"]
[SourceQuality "1"]
[WhiteTeam "Sarajevo Bosna"]
[BlackTeam "Beer-Sheva Chess Club"]
[WhiteTeamCountry "BIH"]
[BlackTeamCountry "ISR"]

1. d4 {Krasenkow} Nf6 2. c4 g6 3. Nc3 d5 4. cxd5 Nxd5 5. e4 Nxc3 6. bxc3 Bg7 7.
Be3 c5 8. Qd2 cxd4 9. cxd4 Nc6 10. Rd1 Bg4 {'!?' Krasenkow. Krasenkow: 'An
experimental move needing more practical tests.' This move was found and first
introduced in practise by M.Tseitlin.} 11. Be2 {N Krasenkow: 'This is probably
harmless.'} ({Another line:} 11. f3 Bd7 12. d5 Ne5 13. Bd4 (13. f4 Ng4 14. Bd4
Bxd4 15. Qxd4 O-O {~} 16. h3 $140 {?} e5 $1) 13... O-O 14. f4 Ng4 15. Bxg7 Kxg7
16. Qd4+ Kg8 17. h3 e5 $1 18. Qd3 Qa5+ 19. Qd2 Qxd2+ 20. Rxd2 Nf6 {=+ 1/2-1/2
Vasilevich,T-Tseitlin,M/Berlin 1997/EXP 59 (53)}) 11... Bxe2 12. Nxe2 O-O 13.
O-O e6 $1 {A very important move in such a kind of position. The e7-pawn is
very often an unpleasant weakness for black, now after d4-d5 black will manage
to exchange this pawn.} (13... Na5 $143 {?!} 14. Rc1 (14. Qb4 Rc8 15. Rc1 {+=})
14... b5 15. Qb4 a6 16. a4 Rb8 17. Bf4 $1 Rb7 $140 18. Bd2 $1 Nc4 19. Rxc4 {+-}
) 14. d5 ({After} 14. Bh6 Qa5 15. Bxg7 Qxd2 16. Rxd2 Kxg7 {= position is equal.
}) (14. Bh6 $5 {Krasenkow}) 14... exd5 15. exd5 Ne5 16. Qb4 (16. Bh6 Nc4 17.
Qf4 Nd6 18. Bxg7 Kxg7 {=}) 16... Qd7 17. Qb3 (17. d6 a5 (17... b5 $2 18. Nc3 {
with next Nd5}) 18. Qh4 Rfc8 $1 {with the nice position for black.} (18... b5
19. Bh6)) 17... Rfe8 18. h3 {'?!' Krasenkow. Krasenkow: 'White underestimates
Black's threats along the e-file.'} (18. Rfe1 {Krasenkow} b5 19. Bd4) 18... b5
{black's knight gets a very nice square on c4.} 19. Nd4 a6 (19... Rad8 $2 {
was very bad in view of} 20. Ne6 $1 (20. Nxb5 $2 Rb8 {-+}) 20... fxe6 21. dxe6
Qe7 22. Rxd8 Rxd8 23. Bc5 {+-}) (19... Nc4 20. Nc6 (20. Qxb5 Qxb5 21. Nxb5 Rxe3
22. fxe3 Nxe3 23. d6 Nxd1 24. Rxd1 Bf6 {=}) 20... a6 21. Bf4 {-19...a6}) 20.
Bf4 Nc4 21. Nc6 $2 {Logical, but in fact a very bad move, now black takes
control over the very important e-file.} (21. Qf3 Nb2 22. Rd2 Nc4 {=}) 21...
Re4 $1 {<->e1-e8} (21... Re2 22. Rfe1 Rae8 (22... Rb2 $2 23. Qf3 Rxa2 24. d6 {
+/-}) 23. Rxe2 Rxe2 24. Qf3 Rxa2 25. d6 {~=}) (21... Bf8 $2 22. a4 Re4 23. Bg3
{+/-}) 22. Bg3 Rae8 {-/+ Krasenkow: 'Black now strongly controls the centre
therefore the white d5 pawn and the c6 knight are not dangerous.' now it's
very difficult for white to find defense against coming Re2.} 23. Nb4 Re2 $1 (
23... a5 $2 {was very bad} 24. Nc6 (24. Na6 {Krasenkow} a4 25. Qb1) 24... b4
$140 (24... Qb7 25. a4) 25. f3 {+- and white wins}) 24. Nxa6 Nd2 25. Nc5 (25.
Rxd2 Rxd2 26. d6 Ree2 27. Nb8 (27. Nb4 Qf5) 27... Qf5 28. d7 Bf6 {-/+}) 25...
Qf5 (25... Nxb3 $5 {Krasenkow} 26. Nxd7 Nd2) 26. Qd3 {'?!' Krasenkow.} (26.
Rxd2 Rxd2 27. Qxb5 Rc8 {-/+ Krasenkow: 'White should eventually lose anyway.'}
(27... Rd8 $6 28. d6 Bd4 $140 {?} 29. Qa5 $1 {+-}) (27... Ra8 {(Krasenkow)
White should eventually lose anyway.})) (26. Qxb5 Nxf1 27. Kxf1 Qc2 {-+}) 26...
Qxd3 (26... Nxf1 $2 27. Qxf5 gxf5 28. Kxf1 Bc3 29. f3 Rxa2 30. d6 $132) 27.
Nxd3 Nxf1 28. Kxf1 Rxa2 {This ending is looking absolutely wining for black,
but in fact it wasn't so easy - white's d-pawn is very dangerous.} 29. Bc7 $138
({Also not enough for draw} 29. d6 {for example} Ra1 (29... Bf6 $2 30. Nb4) 30.
Rxa1 Bxa1 31. d7 Ra8 32. Bc7 Bf6 33. Nc5 Bd8 34. Bd6 Ra2 35. Nb7 Rd2 36. Ke1
Rd5 {-+ and black wins}) 29... Ra1 $1 {very important to exchange rooks, it
will be more easy for black to stop the d-pawn.} 30. Rxa1 Bxa1 31. d6 Bf6 32.
Nb4 (32. d7 Ra8 {-+}) 32... Bc3 $1 {The only winning move} (32... Ra8 $2 33.
Nd5 $1 Bd8 34. Nb6 Ra1+ (34... Bxc7 $4 35. dxc7 {+-}) 35. Ke2 {=}) 33. Nd3 Ra8
34. Nf4 (34. d7 Bf6 (34... Bf6 {Krasenkow} 35. Nc5 (35. Nf4 Bd8 36. Bd6 Ra7)
35... b4 36. Ke2 Bd8 37. Bd6 Bb6 {-+})) 34... Be5 35. Nd5 Ra6 $1 {-+ After
this strong move black is winning by force.} 36. d7 (36. Nb4 Ra1+ (36... Rxd6 {
-+}) 37. Ke2 Kf8 38. Nd3 Bf6 39. d7 Ra8 40. Nb4 Bd8 {-+}) 36... Bxc7 37. Nxc7
Rd6 38. Ne8 Rd4 {The only square on the d-file, but quite enough for the win.}
(38... Rd3 $2 39. Ke2 {with draw}) 39. Ke2 Kf8 40. Nf6 Ke7 0-1

[Event "Lazne Bohdanec"]
[Site "Lazne Bohdanec"]
[Date "1997.??.??"]
[Round "8"]
[White "Polak, Tomas"]
[Black "Mirumian, Vigen"]
[Result "1/2-1/2"]
[WhiteElo "2450"]
[BlackElo "2425"]
[Annotator "Avrukh,B"]
[PlyCount "31"]
[EventDate "1997.01.??"]
[EventType "tourn"]
[EventRounds "11"]
[EventCountry "CZE"]
[EventCategory "9"]
[SourceTitle "CBM 057"]
[Source "ChessBase"]
[SourceDate "1997.04.01"]
[SourceVersion "1"]
[SourceVersionDate "1997.04.01"]
[SourceQuality "1"]

1. d4 Nf6 2. c4 g6 3. Nc3 d5 4. cxd5 Nxd5 5. e4 Nxc3 6. bxc3 Bg7 7. Nf3 c5 8.
Rb1 O-O 9. Be2 cxd4 10. cxd4 Qa5+ 11. Bd2 Qxa2 12. O-O b6 13. Qc1 (13. Bg5 $5
Bb7 (13... Re8 $6 14. Bb5 Bd7 15. Qd3 Qa5 16. Bc4 Nc6 17. Bd2 Qh5 18. Rb5 e5
19. Ng5 $36 {Gelfand-Ivanchuk 1996}) 14. Rc1 Bxe4 15. Bxe7 Re8 16. Bc4 Qa5 17.
Bc5 $5 bxc5 18. Ng5 Re7 19. Nxe4 Nd7 20. dxc5 Rd8 $1 $10 {Gelfand-Ivanchuk 1996
}) 13... Bb7 14. Bc4 Qa4 15. Bb5 Qa2 16. Bc4 (16. Re1 Rc8 17. Qd1 Qc2 (17...
Nc6 $2 18. Re2 e6 19. d5 exd5 20. Be1 Qa3 21. exd5 Rd8 22. dxc6 $18) (17... e6
18. Ba4 (18. h4 $5 Qc2 (18... Nc6 $2 19. Re2 a6 20. Ba4 b5 21. Ra1 Qb2 22. Be1
Qxe2 23. Qxe2 bxa4 24. Rxa4 $16 {Komarov-Mrda 1996}) 19. Qe2 Nc6 20. d5 exd5
21. exd5 Nd4 22. Nxd4 Bxd4 23. d6 Bc6 $13 {Komarov.}) 18... Na6 (18... Nc6 19.
d5 exd5 20. Bb3 Qa3 21. exd5 Nd4 22. Nxd4 Bxd4 23. Re4 Qc5 24. Be1 Bf6 25. Qf3
Kg7 26. Rf4 Qd6 27. Bb4 Qd8 28. Bd2 $1 $16 {with idea 29Rf6-Qf6 30Bh6! +-;
Chernin-Dvoirys 1993}) 19. h4 (19. Re3 Bh6 $8 20. Ra1 Qc4 21. Rc3 Qxc3 22. Bxc3
Rxc3 23. Qe2 Rac8 $44 (23... Nb4 $5)) 19... Qa3 20. h5 Qf8 21. Bf4 (21. Qe2
$142) 21... Rd8 22. Bg5 Rd6 23. Bf4 Rdd8 $10 {Kramnik-Bakrot 1995}) 18. Qe2 Nc6
(18... Qc7 19. Rbc1 Qd8 20. Rxc8 Bxc8 (20... Qxc8 21. Bg5 (21. Rc1 Qd8 22. Bf4
a5 23. Ng5 Na6 24. Qa2 e6 25. Bxa6 Bxa6 26. Nxf7 $1 Qxd4 27. Nh6+ Kh8 28. Nf7+
Kg8 29. Qxe6 $16 {Khalifman-Dvoirys 1990}) 21... a6 22. Bc4 b5 23. Ba2 Qd7 24.
Ne5 $1 Bxe5 25. dxe5 Qe8 26. Qg4 Nc6 27. Qh4 $44 {Pein-Varley 1989}) 21. Bc4 (
21. Rc1) (21. Bf4 Bd7 22. Rc1 a6 23. Bc4 e6 24. d5 b5 25. Bb3 a5 26. dxe6 fxe6
27. Ng5 Qf6 28. Qf3 Ra6 29. Rd1 $40 {Agrest-Krzywicki 1990}) 21... a5 22. Ng5
e6 23. d5 h6 24. dxe6 hxg5 25. exf7+ Kf8 26. e5 Ra7 27. e6 $44 {
Sherbakov-Ponnuswamy 1996}) 19. Bd3 (19. Rec1 Qa2 20. Bc4 Nxd4 21. Nxd4 Rxc4
22. Qxc4 Qxd2 23. Rd1 Qf4 $17 {de Boer-Rychagov 1995}) 19... Qa2 (19... Qa4 $2
20. Ra1 Qb3 21. Reb1 Qe6 22. d5 $18) 20. Bc4 (20. Ra1 Qb2 21. Ra4 $5 Qb3 $8 22.
Rea1 Nd8 23. R4a3 Qe6 24. Rxa7 Rxa7 $2 (24... Qd6 25. Be3 Nc6 $10) 25. Rxa7 Qd6
26. Be3 $14 {Solozhenkin-Beshukov 1996}) 20... Qa4 (20... Qa3 $2 21. Bxf7+ $1
Kxf7 22. Qc4+ Ke8 23. Qg8+ Bf8 24. d5 Nd8 25. Bb4 Qa4 26. Ne5 $18 {Ftachnik.})
21. Bb3 (21. Bb5 Qc2 22. Bd3 $10) (21. Ra1 Qc2 22. Rec1 Nxd4 23. Nxd4 Qxe4 24.
Qxe4 Bxe4 $44) 21... Qa6 22. Qe3 Na5 (22... Rf8 $5 23. Ra1 Na5 $6 (23... Qb5
$142 24. Reb1 (24. Bd5 Nd8) 24... Qh5 25. h3 e6 $13 {with idea 26Kh2?!-g5!;
(Komarov).}) 24. Reb1 Rac8 (24... Bc6 $142) 25. Bd1 $1 $18 {Komarov-Liss 1996})
(22... e6 $5) 23. Bxf7+ Kxf7 24. Ng5+ Ke8 (24... Kg8 25. Qh3 h6 {
Lautier-Shirov 1995} 26. Ne6 $1 h5 27. Qg3 $40) 25. Qh3 Bxd4 26. Qxh7 $16 {
With very strong attack. Poluljahov-Tseshkovsky 1996}) (16. Rb2 Qe6 17. Re1 Rc8
18. Rc2 Nd7 $10) (16. Qe1 $2 Qc2 17. d5 Ba6 $17) 1/2-1/2

[Event "Hoogovens"]
[Site "Wijk aan Zee"]
[Date "1997.01.18"]
[Round "1"]
[White "Granda Zuniga, Julio E"]
[Black "Yermolinsky, Alex"]
[Result "0-1"]
[WhiteElo "2620"]
[BlackElo "2630"]
[Annotator "Avrukh,B"]
[PlyCount "106"]
[EventDate "1997.01.18"]
[EventType "tourn"]
[EventRounds "13"]
[EventCountry "NED"]
[EventCategory "16"]
[SourceTitle "CBM 057"]
[Source "ChessBase"]
[SourceDate "1997.04.01"]
[SourceVersion "1"]
[SourceVersionDate "1997.04.01"]
[SourceQuality "1"]

1. d4 Nf6 2. c4 g6 3. Nc3 d5 4. cxd5 Nxd5 5. e4 Nxc3 6. bxc3 Bg7 7. Ba3 O-O (
7... Nd7) 8. Bc4 (8. Nf3) 8... b6 9. Qf3 (9. Ne2 Bb7 10. f3 Nd7 11. O-O Rc8 12.
e5 c5 13. Qb3 e6 14. Rad1 $14 {Blum-Meier 1993}) (9. Nf3 Bb7 10. O-O (10. Qe2
c5 11. O-O Nc6 12. Rad1 Qc7 13. Bb2 Na5 14. Bd3 e6 $10 {Maric-Chiburdanidze
1990}) 10... c5 11. Re1 Nc6 12. Bd5 e6 13. Bb3 Re8 14. e5 Rc8 15. dxc5 bxc5 16.
Qe2 Qa5 17. Bb2 Red8 18. h4 c4 $1 19. Bc2 Rd5 $15 {Christiansen-Epishin 1989})
9... Bb7 10. Ne2 c5 11. O-O Nc6 12. Bd5 (12. Rad1 Qc7 $1 (12... cxd4 13. cxd4
Na5 14. Bd3 f5 15. Nf4 $1)) 12... e6 (12... cxd4 13. cxd4 (13. Bxc6 Bxc6 14.
cxd4 Bb5 $1 $15) 13... Nxd4 14. Nxd4 Bxd5 15. Rad1 (15. Rfd1 Bb7 16. Nc6 Qe8
17. Nxe7+ Kh8 18. Rac1 Qa4 19. Nd5 $10) 15... Bc4 (15... Bxa2 $2 16. Nf5 Qc7
17. Nxe7+ Kh8 18. Nd5 Bxd5 19. Bxf8 $16) 16. Nf5 Qb8 17. Nxe7+ Kh8 $13) 13.
Bxc6 (13. Bb3) 13... Bxc6 14. dxc5 (14. Qe3 Qe7 (14... cxd4 $2 15. Nxd4 $16))
14... Qe7 (14... Qh4 $5 15. cxb6 Rfc8 $44) 15. Nd4 (15. Qe3 Rac8 16. Rab1)
15... Ba4 (15... Rac8 16. Nxc6 Rxc6 17. Rab1 $10) 16. Qe3 (16. Qd3 a6 (16...
bxc5 17. Qc4)) 16... Rac8 (16... bxc5 $6 17. Nb3) 17. Nb3 Rfd8 18. Rfd1 Rxd1+
19. Rxd1 bxc5 20. Rd3 (20. e5 Qc7 21. Re1 (21. Rd6 $2 Bxb3 $1 (21... Bf8 22.
Rd2 $10) 22. axb3 Qa5 23. Bc1 c4 $1 $17) 21... Bxb3 22. axb3 Qa5 23. Qc1 Qb5
$15) 20... Bxb3 21. axb3 Qc7 22. g3 h5 23. Qd2 Qb7 24. Rd8+ Rxd8 25. Qxd8+ Kh7
26. Qd1 c4 $1 $17 27. bxc4 Qxe4 28. Qd7 h4 29. gxh4 $8 Qg4+ 30. Kh1 (30. Kf1
Qxc4+ 31. Kg2 Qg4+ {the same.}) 30... Qxc4 31. Kg1 Qxc3 32. Qxa7 Qe1+ 33. Kg2
Qe4+ 34. f3 (34. Kg1 Qxh4 35. Qxf7 $2 Qg4+ 36. Kh1 Qh3 $19) 34... Qf4 35. Bc5
Qxh4 36. Be3 Qf6 37. Qd7 Qf5 38. Qa4 Bf6 39. h3 Bg5 40. Bxg5 Qxg5+ 41. Kf2 Qd2+
42. Kg3 e5 43. Qh4+ Kg7 44. Qe7 Qf4+ 45. Kg2 Qf6 46. Qc7 Kh6 47. Qc8 Qg5+ 48.
Kf2 Qd2+ 49. Kg3 Qf4+ 50. Kg2 Kg5 $1 51. Qd8+ f6 52. Qe7 (52. Qd7 Qd4 53. Qh7
Qd2+ 54. Kg1 (54. Kg3 Qe1+ 55. Kg2 Kf4 56. Qh6+ (56. Qxg6 Qe2+ 57. Kg1 Qe3+ 58.
Kh2 Qf2+ 59. Qg2 Qxf3 60. Qd2+ Qe3 61. Qg2 e4 $19) 56... Kf5 57. Qh7 Qd2+ 58.
Kf1 Qg5 $19) 54... Qc2 55. Qh8 Kf5 56. h4 e4 $17) 52... Qd4 53. Qe6 (53. Qh7
Qd2+ 54. Kg3 Qe1+ 55. Kg2 Kf4 56. Qh6+ Kf5 57. Qh7 Qd2+ 58. Kf1 (58. Kg1 Qg5+
59. Kf1 Kf4 60. Qb7 f5 $19) 58... Qg5 $1 $19) 53... Qd2+ (53... Qd2+ 54. Kg3 (
54. Kf1 Qf4 $1 55. Ke2 (55. Kg2 Kh4) 55... Qf5 $19) (54. Kg1 Qf4 55. Kg2 Kh4
$19) 54... Qf4+ 55. Kg2 (55. Kf2 e4 $1 56. Qxe4 Qxe4 57. fxe4 Kf4 $19) 55...
Kh4 56. Kf2 e4 $19) 0-1

[Event "Paris op"]
[Site "Paris"]
[Date "1998.??.??"]
[Round "4"]
[White "Legky, Nikolay A"]
[Black "Avrukh, Boris"]
[Result "0-1"]
[WhiteElo "2465"]
[BlackElo "2565"]
[Annotator "Avrukh,B"]
[PlyCount "40"]
[EventDate "1998.07.??"]
[EventType "swiss"]
[EventRounds "9"]
[EventCountry "FRA"]
[SourceTitle "EXT 2000"]
[Source "ChessBase"]
[SourceDate "1999.11.16"]
[SourceVersion "1"]
[SourceVersionDate "1999.11.16"]
[SourceQuality "1"]

1. d4 Nf6 2. c4 g6 3. Nc3 d5 4. cxd5 Nxd5 5. Na4 $5 {Aronian} Bg7 6. e4 Nb6 (
6... Nb4 7. d5 (7. a3 N4c6 8. d5 Ne5 (8... Nd4 $5) 9. f4 Ng4 10. Be2 Nf6 11.
Nc3 e6 12. Be3 O-O 13. Nf3 Qe7 14. e5 Nxd5 15. Nxd5 exd5 16. Qxd5 $14 {
Tsesarsky,I-Avrukh,B Israel leauge 1998}) 7... c6 8. Bd2 N4a6 9. Bc3 $14 {
Kortchnoi}) 7. Be3 O-O (7... Nxa4 $2 8. Qxa4+ Nd7 9. Nf3 O-O 10. Rd1 Nf6 (10...
c5 $6 11. dxc5 Qc7 12. Qa3 $16) 11. Qc2 c6 12. Bc4 $6 {1-0 Zaja,I-Rogulj,B/
CRO-ch06 1998 (36)} (12. Be2 Bg4 13. O-O $16 {Kortchnoi})) (7... e5 $6 8. d5
$14) (7... Nc6 8. Bb5 O-O 9. Ne2 $14) 8. Nxb6 $2 $146 (8. Nf3 Nxa4 9. Qxa4 c5
10. Rd1 Qb6 $6 (10... Bd7 11. Bb5 cxd4 12. Bxd4 (12. Nxd4 $5) 12... Bxd4 13.
Nxd4 Bxb5 14. Qxb5 Qc7 15. O-O a6 16. Qg5 Nc6 17. Rc1 Qe5 18. Qxe5 Nxe5 19. Rc7
Rfd8 20. Nb3 Rd7 21. Rxd7 Nxd7 22. Rc1 $14 {1-0 Kharlov,A-Vakhidov,T/Anibal
op4th 1997 (39)}) 11. Rd2 $1 Bd7 12. Qa3 cxd4 13. Nxd4 Qc7 (13... Rc8 14. Be2
Qc5 15. Qxc5 Rxc5 16. O-O {clearly better fot white.}) 14. Be2 e5 15. Rc2 Qd8
16. Nb5 Nc6 17. Nd6 Qb8 18. Bc4 Nd4 19. Bxd4 exd4 20. O-O $16 {1-0 Kortschnoj,
V-Sutovskij,E/Zonal 1.1 1998 (24)}) 8... axb6 9. h3 (9. Nf3 c5 10. Qd2 (10. Be2
Bg4 (10... Nc6 11. d5 Nb4 12. Qb3 Bd7 $17 {[%cal Gd7a4]})) 10... cxd4 11. Nxd4
(11. Bxd4 Bxd4 12. Qxd4 Qxd4 13. Nxd4 Ra4 $1 $17) 11... Nc6 12. Nxc6 Qxd2+ 13.
Kxd2 bxc6 14. Kc2 Be6 15. a3 c5 $15) (9. Bc4 c5 10. Ne2 Nc6 11. dxc5 Ne5 $5 (
11... bxc5 12. Qxd8 Rxd8 13. Bxc5 Bxb2 14. Rb1 Bf6 $11) 12. Qb3 (12. Qxd8 Rxd8
13. Bb5 Bd7 $1) 12... Nxc4 13. Qxc4 bxc5 (13... Be6 14. Qb4) 14. Qxc5 Bxb2 15.
Rd1 Qa5+ 16. Qxa5 Rxa5 17. O-O Bg7 18. Rd2 Be6 19. Rb1 b5 $15) 9... c5 {
[%csl Rd4]} 10. Nf3 Nc6 (10... cxd4 $143 11. Bxd4 Bxd4 12. Nxd4 Nc6 13. Nxc6
Qxd1+ 14. Rxd1 bxc6 15. a3 {and black has nothing special.}) 11. d5 Nb4 {
[%csl Ra2,Rb2]} 12. Qd2 (12. Qb3 Bd7 {[%cal Gd7a4]} 13. a4 Qe8 $19) (12. a3 $2
Bxb2 $19) (12. Qb1 f5 (12... e6 13. a3) 13. Bc4 b5 $1 14. Bxc5 Qa5 $1 $19)
12... f5 $1 (12... Rxa2 13. Rxa2 Nxa2 14. Bc4 Nb4 15. O-O $44 (15. e5 $6 Bf5
16. O-O Be4 $1 $19)) 13. Bc4 fxe4 (13... b5 $2 14. Bxc5 $1 (14. Bxb5 $140 $2
Qa5 {[%cal Gb4c2]})) (13... f4 14. d6+ (14. Bd4 $1) 14... e6 15. Bxf4 b5 16.
Bg5 Qa5 17. O-O bxc4 18. d7 Bxd7 19. Qxd7 $13) 14. Ng5 Nd3+ 15. Bxd3 exd3 16.
Qxd3 Rf5 $5 (16... Bxb2 17. Rd1 (17. O-O Bxa1 18. Rxa1 Rf5 $19) 17... Ra3 (
17... Bf6) 18. Qc4 Bc3+ 19. Kf1 Bf6 {[%cal Ga3e3]} 20. d6+ Kg7 $17 21. Ne4 Rxe3
22. fxe3 Be5+ 23. Kg1 exd6 {with winning position.}) (16... e6 17. d6) 17. Rd1
Bd4 18. Qe4 (18. Bxd4 cxd4 19. Ne4 Rxd5 20. O-O Bf5 21. a3 e5 22. Rfe1 Qh4 $17)
(18. Nf3 Rxd5 19. O-O (19. Qb3 e5 $1 20. Nxe5 $140 Be6 $1 $19) 19... e5 $17)
18... Ra4 $1 {[%csl Re4][%cal Gd4c3]} 19. O-O $2 (19. Ne6 $8 Qxd5 20. Qxd5 Rxd5
21. Nxd4 cxd4 22. b3 Rb4 $1 (22... Rxa2 23. Bxd4 Bf5 {[%cal Gf5c2]} 24. b4 $15)
23. O-O e5 $17) 19... Rxg5 $1 $19 20. b3 (20. Bxg5 Bxf2+ 21. Rxf2 Rxe4 22. Bh6
Bf5 23. g4 Qd6 $19) 20... Re5 0-1